| 000 | 01783nam a2200529 i 4500 | ||
|---|---|---|---|
| 001 | 50799 | ||
| 003 | KOSZ 005 | ||
| 005 | 20200724125406.0 | ||
| 008 | 020129s1977 pl a f |000 0 pol | ||
| 015 | _aUWD 1977/6206 | ||
| 035 | _a991017637679705066 | ||
| 035 | _a(PL-WaBN)b14770519-48omnis_nlop | ||
| 035 | _ab14770519 | ||
| 035 | _a(OCoLC)830288929 | ||
| 035 | _a(PL)b0000001477051 | ||
| 035 | _a(EXLNZ-48OMNIS_NETWORK)9910003632305606 | ||
| 040 |
_aWA N _cWA N _dKOSZ 005/HR |
||
| 041 | 0 | _apol | |
| 080 | _a637.1/.3 | ||
| 080 | _a620.1/.2 | ||
| 080 | _a(075.3) | ||
| 100 | 1 |
_aDąbrowska, Wiesława _eAutor |
|
| 245 | 1 | 0 |
_aSurowce i materiały pomocnicze w mleczarstwie / _cWiesława Dąbrowska, Stefan Pawlik. |
| 250 | _aWyd. 4. | ||
| 260 |
_aWarszawa : _bWydawnictwa Szkolne i Pedagogiczne, _c1977. |
||
| 300 |
_a198, [1] s. : _bil., tab., wykr. ; _c21 cm. |
||
| 336 |
_aTekst _btxt _2rdacontent |
||
| 337 |
_aBez urządzenia pośredniczącego _bn _2rdamedia |
||
| 338 |
_aWolumin _bnc _2rdacarrier |
||
| 380 | _aKsiążki | ||
| 380 | _aPublikacje dydaktyczne | ||
| 385 |
_mPoziom nauczania _aSzkoły zawodowe |
||
| 388 | _a2001- | ||
| 521 | 8 | _aDla kl. I zsz. | |
| 650 | 7 |
_aMleczarstwo _2DBN |
|
| 650 | 7 |
_aMleko _2DBN |
|
| 650 | 7 | _aTowaroznawstwo | |
| 650 | 7 |
_aSubstancje dodatkowe do żywności _2DBN |
|
| 655 | 7 |
_aPodręczniki dla szkół zawodowych _2DBN |
|
| 658 | _aRolnictwo i leśnictwo | ||
| 658 | _aEdukacja i pedagogika | ||
| 700 | 1 |
_aPawlik, Stefan _eAutor |
|
| 710 | 2 |
_aWydawnictwa Szkolne i Pedagogiczne _4pbl |
|
| 856 |
_uhttp://koha.tu.koszalin.pl/cgi-bin/koha/opac-detail.pl?biblionumber=50799 _yKatalog online BPK |
||
| 942 |
_2UKD _cKS |
||
| 999 |
_c50799 _d50799 |
||